00884cam a2200253Mi 450000500170000000800410001702000180005802000150007603500210009104000500011204100080016206000130017010000200018324500680020326000480027130000600031949000380037950400530041765000160047065000410048665000510052765000320057870000200061020150527113440.0150520s2007 xxuad frb 001 0 eng d a9780387496849 a038749684X a(OCoLC)314149469 aCO-BoUCMbspacJose A. GerenadJose A. Gerena aeng 4aQH 438.41 aSiegmund, David14aThe statistics of gene mappingcDavid Siegmund, Benjamin Yakir. aNueva York (Estados Unidos)bSpringerc2007 axvii, 331 páginasbilustraciones, cuadros, gráficas0 aStatistics for biology and health aIncluye referencias bibliográficas e índices 7aGenética  7aEstadística xAspectos genéticos 7aMétodos matemáticos xAspectos genéticos 7aInvestigación genética 1 aYakir, Benjamin